{"text_format":"3","workbook":"xlsx","n_sheets":1,"sheets":["t262"],"read":"whole","date_system":"1900"}

{"sheet":"t262","index":0,"n_rows":167,"n_cols":7,"rows_kept":167,"merged":[[0,0,0,6],[28,0,28,5],[40,0,40,5],[145,0,145,5]]}
["TABELA 262.1 - Estatísticas Agrícolas, Município de Itapuí, Estado de São Paulo, 2016/17."]
["ITEM","UNIDADE","N.DE UPAs","MÍNIMO","MÉDIO","MÁXIMO","TOTAL"]
["Distância à sede do município","km",217,0.4,{"v":6.67,"d":"6.7"},{"v":25,"d":"25.0"},"-"]
["Área total","hectare",217,0.3,{"v":55.34,"d":"55.3"},{"v":622,"d":"622.0"},{"v":12007.74,"d":"12,007.7"}]
["Área com cultura perene","hectare",6,0.6,{"v":11.18,"d":"11.2"},{"v":43,"d":"43.0"},67.1]
["Área com cultura temporária","hectare",173,0.2,{"v":60.02,"d":"60.0"},{"v":610,"d":"610.0"},{"v":10383.9,"d":"10,383.9"}]
["Área com pastagem","hectare",73,0.2,{"v":4.73,"d":"4.7"},48.9,345.5]
["Área com reflorestamento","hectare",4,0.7,{"v":12.98,"d":"13.0"},{"v":48,"d":"48.0"},51.9]
["Área com vegetação natural","hectare",90,0.1,{"v":4.01,"d":"4.0"},{"v":91,"d":"91.0"},{"v":360.54,"d":"360.5"}]
["Área com vegetação de brejo e várzea","hectare",45,0.1,{"v":4.64,"d":"4.6"},51.2,208.9]
["Área em descanso","hectare",8,{"v":3,"d":"3.0"},{"v":38.68,"d":"38.7"},182.7,309.4]
["Área complementar","hectare",154,0.1,{"v":1.82,"d":"1.8"},{"v":37,"d":"37.0"},280.5]
["Área das UPAs com (0, 1] ha","hectare",4,0.3,0.7,{"v":1,"d":"1.0"},2.8]
["Área das UPAs com (1, 2] ha","hectare",12,1.2,{"v":1.61,"d":"1.6"},{"v":2,"d":"2.0"},19.3]
["Área das UPAs com (2, 5] ha","hectare",35,2.2,3.5,4.9,122.4]
["Área das UPAs com (5, 10] ha","hectare",33,5.2,{"v":7.58,"d":"7.6"},9.7,{"v":250,"d":"250.0"}]
["Área das UPAs com (10, 20] ha","hectare",43,10.2,{"v":14.36,"d":"14.4"},19.3,617.5]
["Área das UPAs com (20, 50] ha","hectare",43,20.6,32.2,49.8,{"v":1384.5,"d":"1,384.5"}]
["Área das UPAs com (50, 100] ha","hectare",16,50.8,{"v":69.38,"d":"69.4"},99.2,{"v":1110.1,"d":"1,110.1"}]
["Área das UPAs com (100, 200] ha","hectare",16,105.8,{"v":142.82,"d":"142.8"},198.2,{"v":2285.17,"d":"2,285.2"}]
["Área das UPAs com (200, 500] ha","hectare",11,217.8,{"v":355.03,"d":"355.0"},480.6,{"v":3905.37,"d":"3,905.4"}]
["Área das UPAs com (500, 1.000] ha","hectare",4,537.2,{"v":577.65,"d":"577.7"},{"v":622,"d":"622.0"},{"v":2310.6,"d":"2,310.6"}]
["Área das UPAs com (1.000, 2.000] ha","hectare","-","-","-","-","-"]
["Área das UPAs com (2.000, 5.000] ha","hectare","-","-","-","-","-"]
["Área das UPAs com (5.000, 10.000] ha","hectare","-","-","-","-","-"]
["Área das UPAs acima de 10.000 ha","hectare","-","-","-","-","-"]
["Fonte: Secretaria de Agricultura e Abastecimento, CDRS/IEA, Projeto LUPA."]
[]
["TABELA 262.2 - Explorações Animais, Município de Itapuí, Estado de São Paulo, 2016/17."]
["ITEM","UNIDADE","N.DE UPAs","MÍNIMO","MÉDIO","MÁXIMO","TOTAL"]
["Avicultura de corte","cabecas/ano",17,{"v":10000,"d":"10,000.0"},{"v":238058.82,"d":"238,058.8"},{"v":1000000,"d":"1,000,000.0"},{"v":4047000,"d":"4,047,000.0"}]
["Bovinocultura de corte","cabecas",16,{"v":5,"d":"5.0"},{"v":31.31,"d":"31.3"},{"v":89,"d":"89.0"},{"v":501,"d":"501.0"}]
["Bovinocultura leiteira","cabecas",8,{"v":15,"d":"15.0"},{"v":23.63,"d":"23.6"},{"v":32,"d":"32.0"},{"v":189,"d":"189.0"}]
["Bovinocultura mista","cabecas",18,{"v":1,"d":"1.0"},{"v":12.56,"d":"12.6"},{"v":60,"d":"60.0"},{"v":226,"d":"226.0"}]
["Equinocultura","cabecas",4,{"v":2,"d":"2.0"},{"v":4.25,"d":"4.3"},{"v":8,"d":"8.0"},{"v":17,"d":"17.0"}]
["Ovinocultura","cabecas",3,{"v":15,"d":"15.0"},{"v":18.33,"d":"18.3"},{"v":20,"d":"20.0"},{"v":55,"d":"55.0"}]
["Piscicultura","m2 tanques",1,{"v":1800,"d":"1,800.0"},{"v":1800,"d":"1,800.0"},{"v":1800,"d":"1,800.0"},{"v":1800,"d":"1,800.0"}]
["Suinocultura","cabecas",3,{"v":15,"d":"15.0"},{"v":33.33,"d":"33.3"},{"v":65,"d":"65.0"},{"v":100,"d":"100.0"}]
["Fonte: Secretaria de Agricultura e Abastecimento, CDRS/IEA, Projeto LUPA."]
[]
["TABELA 262.3 -  Máquinas, Implementos e Benfeitorias, Município de Itapuí, Estado de São Paulo, 2016/17."]
["ITEM","UNIDADE","N.DE UPAs","MÍNIMO","MÉDIO","MÁXIMO","TOTAL"]
["Arado comum (bacia, aiveca)","unidade",20,{"v":1,"d":"1.0"},{"v":1.05,"d":"1.1"},{"v":2,"d":"2.0"},{"v":21,"d":"21.0"}]
["Arado escarificador","unidade",11,{"v":1,"d":"1.0"},{"v":1,"d":"1.0"},{"v":1,"d":"1.0"},{"v":11,"d":"11.0"}]
["Arado subsolador","unidade",12,{"v":1,"d":"1.0"},{"v":1.17,"d":"1.2"},{"v":2,"d":"2.0"},{"v":14,"d":"14.0"}]
["Batedeira de cereais","unidade",1,{"v":1,"d":"1.0"},{"v":1,"d":"1.0"},{"v":1,"d":"1.0"},{"v":1,"d":"1.0"}]
["Camara fria","unidade",1,{"v":1,"d":"1.0"},{"v":1,"d":"1.0"},{"v":1,"d":"1.0"},{"v":1,"d":"1.0"}]
["Carregadeira de cana","unidade",2,{"v":1,"d":"1.0"},{"v":2,"d":"2.0"},{"v":3,"d":"3.0"},{"v":4,"d":"4.0"}]
["Carreta de trator","unidade",6,{"v":1,"d":"1.0"},{"v":1,"d":"1.0"},{"v":1,"d":"1.0"},{"v":6,"d":"6.0"}]
["Colhedeira automotriz","unidade",2,{"v":1,"d":"1.0"},{"v":1,"d":"1.0"},{"v":1,"d":"1.0"},{"v":2,"d":"2.0"}]
["Computador","unidade",1,{"v":3,"d":"3.0"},{"v":3,"d":"3.0"},{"v":3,"d":"3.0"},{"v":3,"d":"3.0"}]
["Conj.irrigacao convencional","unidade",7,{"v":1,"d":"1.0"},{"v":1.14,"d":"1.1"},{"v":2,"d":"2.0"},{"v":8,"d":"8.0"}]
["Conj.irrigacao/gotejamento/microaspersao","unidade",2,{"v":1,"d":"1.0"},{"v":1,"d":"1.0"},{"v":1,"d":"1.0"},{"v":2,"d":"2.0"}]
["Desintegrador, picador, triturador","unidade",42,{"v":1,"d":"1.0"},{"v":1.19,"d":"1.2"},{"v":3,"d":"3.0"},{"v":50,"d":"50.0"}]
["Distribuidor de calcario","unidade",9,{"v":1,"d":"1.0"},{"v":1.11,"d":"1.1"},{"v":2,"d":"2.0"},{"v":10,"d":"10.0"}]
["Ensiladeira","unidade",11,{"v":1,"d":"1.0"},{"v":1,"d":"1.0"},{"v":1,"d":"1.0"},{"v":11,"d":"11.0"}]
["Grade aradora (tipo romi)","unidade",20,{"v":1,"d":"1.0"},1.2,{"v":3,"d":"3.0"},{"v":24,"d":"24.0"}]
["Grade niveladora","unidade",17,{"v":1,"d":"1.0"},{"v":1.12,"d":"1.1"},{"v":2,"d":"2.0"},{"v":19,"d":"19.0"}]
["Implementos para tracao animal","unidade",6,{"v":1,"d":"1.0"},{"v":2.67,"d":"2.7"},{"v":4,"d":"4.0"},{"v":16,"d":"16.0"}]
["Misturador de racao","unidade",7,{"v":1,"d":"1.0"},{"v":1,"d":"1.0"},{"v":1,"d":"1.0"},{"v":7,"d":"7.0"}]
["Ordenhadeira mecanica","unidade",3,{"v":1,"d":"1.0"},{"v":1,"d":"1.0"},{"v":1,"d":"1.0"},{"v":3,"d":"3.0"}]
["Pulverizador tratorizado","unidade",16,{"v":1,"d":"1.0"},{"v":1.25,"d":"1.3"},{"v":4,"d":"4.0"},{"v":20,"d":"20.0"}]
["Resfriador de leite, tanque expansao","unidade",2,{"v":1,"d":"1.0"},{"v":1,"d":"1.0"},{"v":1,"d":"1.0"},{"v":2,"d":"2.0"}]
["Roçadora","unidade",4,{"v":1,"d":"1.0"},{"v":1,"d":"1.0"},{"v":1,"d":"1.0"},{"v":4,"d":"4.0"}]
["Semeadeira/adubadeira para plantio convencional","unidade",6,{"v":1,"d":"1.0"},{"v":1,"d":"1.0"},{"v":1,"d":"1.0"},{"v":6,"d":"6.0"}]
["Semeadeira/plantadeira plantio direto","unidade",5,{"v":1,"d":"1.0"},{"v":1,"d":"1.0"},{"v":1,"d":"1.0"},{"v":5,"d":"5.0"}]
["Terraceador","unidade",1,{"v":1,"d":"1.0"},{"v":1,"d":"1.0"},{"v":1,"d":"1.0"},{"v":1,"d":"1.0"}]
["Trator de esteiras","unidade",1,{"v":1,"d":"1.0"},{"v":1,"d":"1.0"},{"v":1,"d":"1.0"},{"v":1,"d":"1.0"}]
["Trator de pneus  acima de 85 cv","unidade",10,{"v":1,"d":"1.0"},{"v":2,"d":"2.0"},{"v":7,"d":"7.0"},{"v":20,"d":"20.0"}]
["Trator de pneus até 65 cv","unidade",15,{"v":1,"d":"1.0"},{"v":1.13,"d":"1.1"},{"v":2,"d":"2.0"},{"v":17,"d":"17.0"}]
["Trator de pneus de 66 cv a 85 cv","unidade",25,{"v":1,"d":"1.0"},{"v":1.44,"d":"1.4"},{"v":4,"d":"4.0"},{"v":36,"d":"36.0"}]
["Acude/represa","unidade",14,{"v":1,"d":"1.0"},{"v":1.29,"d":"1.3"},{"v":3,"d":"3.0"},{"v":18,"d":"18.0"}]
["Almoxarifado/oficina","unidade",10,{"v":1,"d":"1.0"},{"v":1,"d":"1.0"},{"v":1,"d":"1.0"},{"v":10,"d":"10.0"}]
["Armazem para graos ensacados","sacas",8]
["Barracao para granja/avicultura","unidade",22,{"v":1,"d":"1.0"},{"v":2.82,"d":"2.8"},{"v":13,"d":"13.0"},{"v":62,"d":"62.0"}]
["Barracao/galpao/garagem","unidade",53,{"v":1,"d":"1.0"},{"v":1.11,"d":"1.1"},{"v":2,"d":"2.0"},{"v":59,"d":"59.0"}]
["Casa de moradia habitada","unidade",88,{"v":1,"d":"1.0"},{"v":1.58,"d":"1.6"},{"v":7,"d":"7.0"},{"v":139,"d":"139.0"}]
["Casa de moradia total","unidade",110,{"v":1,"d":"1.0"},{"v":2.14,"d":"2.1"},{"v":15,"d":"15.0"},{"v":235,"d":"235.0"}]
["Curral/mangueira","unidade",55,{"v":1,"d":"1.0"},{"v":1.02,"d":"1.0"},{"v":2,"d":"2.0"},{"v":56,"d":"56.0"}]
["Deposito/tulha","unidade",67,{"v":1,"d":"1.0"},{"v":1.07,"d":"1.1"},{"v":3,"d":"3.0"},{"v":72,"d":"72.0"}]
["Estabulo","unidade",8,{"v":1,"d":"1.0"},{"v":1.25,"d":"1.3"},{"v":3,"d":"3.0"},{"v":10,"d":"10.0"}]
["Estufa/plasticultura","m2",4]
["Fabrica de racao","unidade",4,{"v":1,"d":"1.0"},{"v":1,"d":"1.0"},{"v":1,"d":"1.0"},{"v":4,"d":"4.0"}]
["Instalacoes para equinos","unidade",7,{"v":1,"d":"1.0"},{"v":1.14,"d":"1.1"},{"v":2,"d":"2.0"},{"v":8,"d":"8.0"}]
["Maquina de beneficio","unidade",3,{"v":1,"d":"1.0"},{"v":1,"d":"1.0"},{"v":1,"d":"1.0"},{"v":3,"d":"3.0"}]
["Packing house","unidade",1,{"v":1,"d":"1.0"},{"v":1,"d":"1.0"},{"v":1,"d":"1.0"},{"v":1,"d":"1.0"}]
["Pocilga","unidade",20,{"v":1,"d":"1.0"},{"v":1.55,"d":"1.6"},{"v":6,"d":"6.0"},{"v":31,"d":"31.0"}]
["Poco semi-artesiano","unidade",7,{"v":1,"d":"1.0"},{"v":1,"d":"1.0"},{"v":1,"d":"1.0"},{"v":7,"d":"7.0"}]
["Secador de graos","unidade",2,{"v":1,"d":"1.0"},{"v":1,"d":"1.0"},{"v":1,"d":"1.0"},{"v":2,"d":"2.0"}]
["Silo para graos","ton",2]
["Terreiro","m2",24]
["Fonte: Secretaria de Agricultura e Abastecimento, CDRS/IEA, Projeto LUPA."]
[]
["TABELA 262.4 - Outras Estatísticas Agrícolas, Município de Itapuí, Estado de São Paulo, 2016/17."]
["ITEM","Número de UPAs",null,"Percentual"]
["Faz Parte de Associação de Produtores",143,null,{"v":65.89861751152073,"d":"65.9"}]
["Faz Parte de Cooperativa de Produtores",57,null,{"v":26.267281105990783,"d":"26.3"}]
["Faz Parte do Sindicato de Produtores",38,null,{"v":17.51152073732719,"d":"17.5"}]
["Não utiliza assistência técnica ",100,null,{"v":46.08294930875576,"d":"46.1"}]
["Utiliza somente assistência técnica governamental ",17,null,{"v":7.8341013824884795,"d":"7.8"}]
["Utiliza somente assistência técnica privada ",88,null,{"v":40.55299539170507,"d":"40.6"}]
["Utiliza assistência técnica tanto governamental quanto privada",12,null,{"v":5.529953917050691,"d":"5.5"}]
["Utiliza Crédito Rural",84,null,{"v":38.70967741935484,"d":"38.7"}]
["Utiliza Seguro Rural",56,null,{"v":25.806451612903228,"d":"25.8"}]
["Utiliza Escrituração Agrícola",106,null,{"v":48.8479262672811,"d":"48.8"}]
["Acessa Internet p/ Fins na Agropecuária",62,null,{"v":28.57142857142857,"d":"28.6"}]
["Utiliza Computador nas Atividades Agropecuárias",51,null,{"v":23.502304147465438,"d":"23.5"}]
["Utiliza Energia Elétrica Para Uso na Atividade Agrícola",160,null,{"v":73.73271889400921,"d":"73.7"}]
["Utiliza Energia Alternativa",3,null,{"v":1.3824884792626728,"d":"1.4"}]
["Realiza Análise de Solo, quando necessário",145,null,{"v":66.82027649769586,"d":"66.8"}]
["Realiza Calagem",39,null,{"v":17.972350230414747,"d":"18.0"}]
["Utiliza Práticas de Conservação de Solo, quando necessário",175,null,{"v":80.64516129032258,"d":"80.6"}]
["Faz Adubação Mineral, quando necessário",172,null,{"v":79.2626728110599,"d":"79.3"}]
["Faz Adubação Orgânica, quando necessário",163,null,{"v":75.11520737327189,"d":"75.1"}]
["Faz Adubação Verde, quando necessário",42,null,{"v":19.35483870967742,"d":"19.4"}]
["Utiliza Manejo Integrado de Pragas (MIP)",1,null,{"v":0.4608294930875576,"d":"0.5"}]
["Utiliza Hidroponia",1,null,{"v":0.4608294930875576,"d":"0.5"}]
["Utiliza Cultivo em Estufa",3,null,{"v":1.3824884792626728,"d":"1.4"}]
["Utiliza Mudas Fiscalizadas",116,null,{"v":53.45622119815668,"d":"53.5"}]
["Utiliza Semente Melhorada",76,null,{"v":35.02304147465438,"d":"35.0"}]
["Faz Confinamento de Bovinos",3,null,{"v":1.3824884792626728,"d":"1.4"}]
["Utiliza Pastejo Intensivo",21,null,{"v":9.67741935483871,"d":"9.7"}]
["Faz Inseminação Artificial",1,null,{"v":0.4608294930875576,"d":"0.5"}]
["Faz Mineralização do Rebanho",29,null,{"v":13.36405529953917,"d":"13.4"}]
["Faz Vermifugação do Rebanho",28,null,{"v":12.903225806451614,"d":"12.9"}]
["Possui Parceiros /Arrendatários na Exploração Animal",44,null,{"v":20.276497695852534,"d":"20.3"}]
["Existência de trabalhadores c/ deficiência na UPA","-",null,"-"]
["Esporte e lazer",9,null,{"v":4.147465437788019,"d":"4.1"}]
["Extração mineral","-",null,"-"]
["Hotel Fazenda, Pousada ou SPA","-",null,"-"]
["Pesque-pague","-",null,"-"]
["Restaurante ou Lanchonete",2,null,{"v":0.9216589861751152,"d":"0.9"}]
["Transformação artesanal","-",null,"-"]
["Turismo rural ou ecoturismo","-",null,"-"]
["Outras atividades econômicas rurais",1,null,{"v":0.4608294930875576,"d":"0.5"}]
["Agroindústria","-",null,"-"]
["Proprietário sem instrução ou com instrução incompleta",17,null,{"v":7.8341013824884795,"d":"7.8"}]
["Proprietário com antigo primário completo",55,null,{"v":25.34562211981567,"d":"25.3"}]
["Proprietário com 1° grau (ou antigo ginasial) completo",18,null,{"v":8.294930875576037,"d":"8.3"}]
["Proprietário com 2° grau (ou antigo colegial) completo",47,null,{"v":21.658986175115206,"d":"21.7"}]
["Proprietário com curso superior completo ",54,null,{"v":24.88479262672811,"d":"24.9"}]
["Pessoa Jurídica",26,null,{"v":11.981566820276498,"d":"12.0"}]
["Proprietário residente na própria UPA ",27,null,{"v":12.442396313364055,"d":"12.4"}]
["Fonte: Secretaria de Agricultura e Abastecimento, CDRS/IEA, Projeto LUPA."]
[]
["TABELA 262.5 - Área Cultivada, Município de Itapuí, Estado de São Paulo, 2016/17."]
["CULTURA","N.DE UPAs","MÍNIMO","MÉDIO","MÁXIMO","TOTAL"]
["Cana-de-acucar finalidade industria",154,1.5,66.9,{"v":610,"d":"610.0"},{"v":10302.1,"d":"10,302.1"}]
["Gramas",46,0.2,{"v":4.65,"d":"4.7"},48.9,{"v":214,"d":"214.0"}]
["Braquiaria",20,0.5,{"v":5.26,"d":"5.3"},15.7,105.1]
["Cafe",6,0.6,{"v":11.18,"d":"11.2"},{"v":43,"d":"43.0"},67.1]
["Eucalipto",4,0.7,{"v":12.98,"d":"13.0"},{"v":48,"d":"48.0"},51.9]
["Milho safra",5,{"v":2,"d":"2.0"},{"v":7.24,"d":"7.2"},{"v":12,"d":"12.0"},36.2]
["Milho-silagem",2,{"v":8,"d":"8.0"},14.9,21.8,29.8]
["Cana-de-acucar outras finalidades",14,0.2,{"v":1.96,"d":"2.0"},8.5,27.5]
["Coloniao",5,1.2,{"v":3.42,"d":"3.4"},5.1,17.1]
["Outras gramineas para pastagem",5,0.5,{"v":1.86,"d":"1.9"},5.7,9.3]
["Mandioca",1,2.4,2.4,2.4,2.4]
["Alface",1,2.3,2.3,2.3,2.3]
["Couve (ou couve-crespa)",1,2.3,2.3,2.3,2.3]
["Outras olericolas",1,1.8,1.8,1.8,1.8]
["Horta domestica",2,0.4,{"v":0.45,"d":"0.5"},0.5,0.9]
["Chicoria (ou chicoria-de-folha-crespa)",1,0.5,0.5,0.5,0.5]
["Cebolinha",1,0.4,0.4,0.4,0.4]
["Espinafre (ou espinafre-europeu)",1,0.3,0.3,0.3,0.3]
["Couve-flor",1,0.2,0.2,0.2,0.2]
["Fonte: Secretaria de Agricultura e Abastecimento, CDRS/IEA, Projeto LUPA."]